| 000 | 004940000a22001930004500 | ||
|---|---|---|---|
| 001 | 003692 | ||
| 003 | MACL | ||
| 005 | 20151016123842.0 | ||
| 008 | 151016b xxu||||| |||| 00| 0 eng d | ||
| 040 |
_aMACL _cMACL |
||
| 041 | _aEnglish | ||
| 082 | _a920.351/SHA | ||
| 100 |
_aMenon, Geeta _91174 |
||
| 245 |
_aPortrait Of a President _bK.R. Narayanan _cGeeta Menon |
||
| 260 |
_aNew Delhi _c2004 _bChildren's Book Trust, |
||
| 350 | _a120 | ||
| 650 |
_aBiography _915258 |
||
| 942 |
_k920 _cBK _2ddc |
||
| 999 |
_c15588 _d15588 |
||